| 000 | 01444nam0a2200301 4500 | ||
|---|---|---|---|
| 001 | RU\NLR\bibl\1671019 | ||
| 005 | 20250616044336.0 | ||
| 010 |
_a978-5-8259-0528-0 _9100 |
||
| 021 |
_aRU _b2010-57914 _93791 |
||
| 035 | _a(NLR Aleph) 001662280 | ||
| 090 |
_a989219 _c989219 |
||
| 100 | _a20100902d2010 |||y0rusy50 ca | ||
| 101 | 0 |
_arus _aeng |
|
| 102 | _aRU | ||
| 105 | _ay ||||||||| | ||
| 200 | 1 |
_aНаш гид говорит по-английски _eучебно-методическое пособие по англоязычной межкультурной коммуникации _fС.Н. Пономарева _gФедер. агентство по образованию, Фил. С.-Петерб. ин-та внешнеэкон. связей, экономики и права в г. Тольятти |
|
| 210 |
_aТольятти _cТГУ _d2010 |
||
| 215 |
_a131 с. _d21 |
||
| 320 | _aБиблиогр.: с. 124 (11 назв.) | ||
| 606 | 1 |
_aАнглийский язык _jУчебно-методические пособия для высших учебных заведений _xМежкультурная коммуникация _92380102 _3RU\NLR\auth\661420112 |
|
| 686 | _aШ143.21-93рус3-70 | ||
| 700 | 1 |
_aПономарева _bС. Н. _gСветлана Николаевна _4070 |
|
| 801 | 0 |
_aRU _bNLR _c20100902 _gRCR |
|
| 801 | 1 |
_aRU _bNLR _c20100902 |
|
| 942 | _cBOOK | ||
| 980 | _aNB | ||
| 980 | _aNBR | ||